| 000 | 00435nam a22001577a 4500 | ||
|---|---|---|---|
| 003 | CEME | ||
| 005 | 20210628202310.0 | ||
| 008 | 210302b xxu||||| |||| 00| 0 eng d | ||
| 040 | _c. | ||
| 082 | _a363.8 HUN | ||
| 100 |
_aSartaj Aziz _959212 |
||
| 245 | _aHunger poverty and development life and works of sartaj aziz | ||
| 260 |
_aRAWALPINDI _bFEROZ SONS _c2000 |
||
| 650 |
_aHUNGER POVERTY AND DEVELOPMENT _959213 |
||
| 942 |
_cBK _2ddc |
||
| 999 |
_c569246 _d569246 |
||